| 000 | 00437nam a22001577a 4500 | ||
|---|---|---|---|
| 003 | 0 | ||
| 005 | 20220816131618.0 | ||
| 008 | 220816b xxu||||| |||| 00| 0 eng d | ||
| 020 | _a978-1-5297-3377-8 | ||
| 050 |
_aBF636.6 _b.P67 2022 |
||
| 245 |
_aCounselling skills _cTraci Postings |
||
| 260 |
_aLos Angeles _bSage _cC2022 |
||
| 300 |
_axii,266pp. _c25cm _fBook _eIncludes references and index. |
||
| 500 | _aCounseling. | ||
| 942 |
_2lcc _cBK |
||
| 999 |
_c364780 _d364780 |
||